Nombre de restaurants étoilés par pays - Statistiques

Statistiques générales
  • Ce quiz a été pris 268 fois
  • Le résultat moyen est 9 sur 12
Statistiques - réponses
Nombre de restaurants étoilés Pays % Correct
624 France
100%
202 États-Unis
97%
372 Italie
97%
176 Royaume-Uni
95%
324 Allemagne
93%
107 Chine
93%
427 Japon
91%
113 Suisse
75%
133 Belgique
74%
109 Pays-Bas
62%
165 Thaïlande
31%
71 Hong-Kong
6%
Aucun quiz correspondant
Distribution des résultats
% des personnes avec chaque résultat
Percentile par nombre de réponses
Votre historique - résultats
Vous n’avez pas pris ce quiz